| 000 | 01328nam a22003617a 4500 | ||
|---|---|---|---|
| 003 | CHAP | ||
| 005 | 20220329135637.0 | ||
| 008 | 971013s1995 r 00010 d | ||
| 010 | _a39817 | ||
| 011 | _a40789 | ||
| 035 | _a44915 | ||
| 040 | _cCHAP | ||
| 090 | _aTesis | ||
| 100 | 0 | 0 |
_aMorales Barrios, Santana. _978218 |
| 245 | _aVariación de caracteres morfológicos y anatómicos de acículas en poblaciones naturales de Pinus engelmannii Carr. y Pinus cooperi Blanco | ||
| 260 |
_aChapingo, Méx. : _bEl autor, _c1995 |
||
| 300 | _a79 h. | ||
| 502 | _aTesis (Ing. Forestal con Orientación en Silvicultura y Ecología) -- UACH. División de Ciencias Forestales | ||
| 590 |
_aALEPH _b10 _c20130110 _lUCH01 _h1308 |
||
| 590 |
_aBATCH-UPD _b10 _c20130110 _lUCH01 _h0114 |
||
| 590 |
_aBATCH-UPD _b10 _c20130110 _lUCH01 _h2001 |
||
| 590 |
_aBATCH-UPD _b10 _c20130410 _lUCH01 _h1321 |
||
| 590 |
_aBATCH-UPD _b10 _c20130914 _lUCH01 _h1251 |
||
| 590 |
_aCONVERSION _b10 _c20130109 _lUCH01 _h1322 |
||
| 650 | 1 | 4 |
_aEcología forestal. _935176 |
| 650 | 1 | 4 |
_aPináceas _xFisiología y morfología. _988236 |
| 650 | 1 | 4 |
_aPinus cooperi. _988328 |
| 650 | 1 | 4 |
_aPinus engelmannii. _988336 |
| 901 | _aBK | ||
| 942 | _cFOLL | ||
| 949 |
_bBC _cTES _d-102893 _eTS1 _h27933 _i44915 _si |
||
| 949 |
_bBC _cTES _d33724000005047 _eTS2 _fc.2 _h27934 _i44915 _si |
||
| 999 |
_c39817 _d39817 |
||